NBA Players That Wear Jersey Number 1 - Statistics

General Stats
  • This quiz has been taken 777 times
  • The average score is 3 of 20
Answer Stats
Hint Player % Correct
Chicago Bulls Derrick Rose
95%
Miami Heat Chris Bosh
67%
New York Knicks Amare Stoudemire
27%
Los Angeles Clippers Chauncey Billups
13%
Washington Wizards Trevor Ariza
13%
Phoenix Suns Goran Dragic
8%
Denver Nuggets Jordan Hamilton
7%
Philadelphia 76ers Nick Young
6%
Detroit Pistons Andre Drummond
5%
Indiana Pacers Lance Stephensen
3%
Cleveland Cavaliers Daniel Gibson
2%
Minnesota Timberwolves Alexey Shved
1%
Brooklyn Nets C.J. Watson
1%
Los Angeles Lakers Darius Morris
1%
Toronto Raptors Domonic McGuire
1%
Dallas Mavericks Jared Cunningham
1%
Portland Trail Blazers Jared Jeffries
1%
Houston Rockets Scott Machado
1%
Memphis Grizzlies Tony Wroten
1%
New Orleans Hornets Hakim Warrick
0%
No matching quizzes found
Score Distribution
Percent of People with Each Score
Percentile by Number Answered
Your Score History
You have not taken this quiz